MARC details
| 000 -LEADER |
| fixed length control field |
01101nam a2200277Ia 4500 |
| 003 - CONTROL NUMBER IDENTIFIER |
| control field |
IN-BaIIA |
| 008 - FIXED-LENGTH DATA ELEMENTS--GENERAL INFORMATION |
| fixed length control field |
211028s9999 xx 000 0 eng d |
| 020 ## - INTERNATIONAL STANDARD BOOK NUMBER |
| International Standard Book Number |
0-387-91103-0 |
| 040 ## - CATALOGING SOURCE |
| Transcribing agency |
IIA Library |
| 080 ## - UNIVERSAL DECIMAL CLASSIFICATION NUMBER |
| Universal Decimal Classification number |
082.2:52 |
| Item number |
IAU-S45 |
| 110 ## - MAIN ENTRY--CORPORATE NAME |
| Corporate name or jurisdiction name as entry element |
International Astronomical Union |
| 111 ## - MAIN ENTRY--MEETING NAME |
| Meeting name or jurisdiction name as entry element |
International Astronomical Union Symposium |
| Number of part/section/meeting |
45th |
| Location of meeting |
Leningard, U.S.S.R. |
| Date of meeting or treaty signing |
1970 Aug. 7-11 |
| 9 (RLIN) |
7178 |
| 245 #4 - TITLE STATEMENT |
| Title |
The Motion, evolution of orbits, and origin of comets |
| Remainder of title |
proceedings of the IAU symposium No.45, held in Leningard, USSR, August 4-11, 1970 |
| Statement of responsibility, etc. |
edited by G. A. Chebotarev, E. I. Kazimirchak-Polanskaya and B. G. Marsdem |
| 260 ## - PUBLICATION, DISTRIBUTION, ETC. |
| Place of publication, distribution, etc. |
Dordrecht |
| Name of publisher, distributor, etc. |
D. Reidel Publishing |
| Date of publication, distribution, etc. |
1972 |
| 300 ## - PHYSICAL DESCRIPTION |
| Extent |
xxiii, 521p. |
| 490 ## - SERIES STATEMENT |
| Series statement |
IAU Symposium; no. 45 |
| 650 ## - SUBJECT ADDED ENTRY--TOPICAL TERM |
| Topical term or geographic name entry element |
Astronomy and Astrophysics Thesaurus |
| 650 ## - SUBJECT ADDED ENTRY--TOPICAL TERM |
| Topical term or geographic name entry element |
Comets |
| 9 (RLIN) |
755 |
| 650 ## - SUBJECT ADDED ENTRY--TOPICAL TERM |
| Topical term or geographic name entry element |
Orbital Motions |
| 9 (RLIN) |
7179 |
| 650 ## - SUBJECT ADDED ENTRY--TOPICAL TERM |
| Topical term or geographic name entry element |
Stellar Motion |
| 9 (RLIN) |
7180 |
| 700 ## - ADDED ENTRY--PERSONAL NAME |
| Personal name |
Chebotarev, G. A., ed. |
| 9 (RLIN) |
7181 |
| 700 ## - ADDED ENTRY--PERSONAL NAME |
| Personal name |
Kazimirchak-Polanskaya, E. I., ed. |
| 9 (RLIN) |
7182 |
| 700 ## - ADDED ENTRY--PERSONAL NAME |
| Personal name |
Marsdem, B. G., ed. |
| 9 (RLIN) |
7183 |
| 710 ## - ADDED ENTRY--CORPORATE NAME |
| Corporate name or jurisdiction name as entry element |
International Astronomical Union |
| 9 (RLIN) |
7184 |
| 942 ## - ADDED ENTRY ELEMENTS (KOHA) |
| Koha item type |
Books |